Tous les joueurs de l’Atletico Madrid depuis 2010 - Statistiques

Statistiques générales
  • Ce quiz a été pris 24 fois
    11 depuis la dernière actualisation
  • Le résultat moyen est 25 sur 150
Statistiques - réponses
Poste(s) Nationalité Saison(s) Réponse % Correct
Gardien Slovénie 2014- Jan Oblak
100%
Gardien Belgique 2011-2014 Thibaut Courtois
90%
Attaquant France 2014-20192021- Antoine Griezmann
80%
Millieu Espagne 2009- Koke
80%
Milieu France 2018- Thomas Lemar
80%
Défenseur Uruguay 2013- José María Giménez
70%
Défenseur Uruguay 2010-2019 Diego Godín
60%
Défenseur Espagne 2011-2019 Juanfran
60%
Attaquant Colombie 2011-2013 Radamel Falcao
60%
Milieu Argentine 2021- Rodrigo De Paul
60%
Milieu/attaquant Belgique 2015-20182020-2023 Yannick Carrasco
60%
Attaquant Espagne 2019-2024 Álvaro Morata
50%
Attaquant Espagne 2001-20072015-2018 Fernando Torres
50%
Défenseur Brésil 2010-2014 Filipe Luís
50%
Milieu Espagne 2002-20072011-2018 Gabi
50%
Défenseur France 2014-2019 Lucas Hernandez
50%
Milieu Espagne 2019- Marcos Llorente
50%
Milieu Espagne 2012-2017 Óliver Torres
50%
Défenseur Mozambique 2022- Reinildo
50%
Milieu Espagne 2012- Saúl
50%
Milieu Ghana 2013-2020 Thomas Partey
50%
Attaquant Argentine 2014- Ángel Correa
40%
Milieu Turquie 2011-2015 Arda Turan
40%
Attaquant Espagne 2007-2014 2018-2021 Diego Costa
40%
Attaquant Uruguay 2007-2011 Diego Forlán
40%
Gardien Croatie 2020-2024 Ivo Grbić
40%
Attaquant Portugal 2019-2024 João Félix
40%
Attaquant Uruguay 2020-2022 Luis Suárez
40%
Milieu Espagne 2005-20082010-2015 Mario Suárez
40%
Attaquant Italie/Argentine 2022- Giuliano Simeone
30%
Défenseur Angleterre 2019-2022 Kieran Trippier
30%
Défenseur Espagne 2019-2024 Mario Hermoso
30%
Attaquant Pays-Bas 2023- Memphis Depay
30%
Milieu Espagne 2018-2019 Rodri
30%
Attaquant Argentine 2006-2011 Sergio Agüero
30%
Défenseur Croatie 2016-2022 Šime Vrsaljko
30%
Milieu Portugal 2010-2017 Tiago
30%
Attaquant Norvège 2024- Alexander Sørloth
20%
Milieu Argentine 2016-2018 Augusto Fernández
20%
Défenseur/milieu Belgique 2022- Axel Witsel
20%
Défenseur France 2024- Clément Lenglet
20%
Milieu Angleterre 2024- Conor Gallagher
20%
Milieu Uruguay 2012-2015 Cristian Rodríguez
20%
Milieu Brésil 2011-2014 Diego
20%
Défenseur Brésil 2019-2023 Felipe
20%
Milieu Centrafrique 2020-2023 Geoffrey Kondogbia
20%
Gardien Espagne 2024- Juan Musso
20%
Attaquant Croatie 2014-2015 Mario Mandžukić
20%
Défenseur Brésil 2011-2015 Miranda
20%
Attaquant France 2020-2021 Moussa Dembélé
20%
Défenseur Argentine 2022- Nahuel Molina
20%
Milieu Espagne 2022- Pablo Barrios
20%
Milieu Espagne 2007-2015 Raul Garcia
20%
Défenseur Brésil 2019-2023 Renan Lodi
20%
Défenseur Espagne 2024- Robin Le Normand
20%
Milieu Espagne 2019- Rodrigo Riquelme
20%
Milieu/attaquant Brésil 2022- Samuel Lino
20%
Défenseur Colombie 2018-2022 Santiago Arias
20%
Défenseur Monténégro 2015-2024 Stefan Savić
20%
Gardien Espagne 2014-2018 Ángel Moyá
10%
Gardien Espagne 2018-2020 Antonio Adán
10%
Gardien Espagne 2023- Antonio Gomis
10%
Milieu/attaquant Sénégal 2017-2018 Arona Sané
10%
Milieu Belgique 2024-2024 Arthur Vermeeren
10%
Défenseur Turquie 2023-2024 Çağlar Söyüncü
10%
Attaquant Espagne 2021- Carlos Martin
10%
Défenseur Argentine 2012-2013 Daniel Díaz
10%
Défenseur/milieu Danemark 2022-2023 Daniel Wass
10%
Gardien Espagne 2009-2011 David de Gea
10%
Attaquant Espagne 2013-2014 David Villa
10%
Milieu Mexique 2019-2022 Héctor Herrera
10%
Attaquant Colombie 2015-2016 Jackson Martínez
10%
Attaquant France 2016-2018 Kevin Gameiro
10%
Défenseur Espagne 2019-2023 Manu Sánchez
10%
Attaquant Brésil 2021-2023 Matheus Cunha
10%
Défenseur Irlande 2022-2023 Matt Doherty
10%
Attaquant Espagne 2012-2014 Pedro Martin
10%
Défenseur Espagne 2020-2021 Ricard Sánchez
10%
Défenseur Belgique 2013-2015 Toby Alderweireld
10%
Milieu Espagne 2018-2021 Toni Moyà
10%
Milieu Tunisie 2012-2015 Abdelkader Oueslati
0%
Attaquant Maroc 2024- Abde Raihani
0%
Attaquant Espagne 2011-2014 Adrián López
0%
Milieu Espagne 2022- Alberto Moreno
0%
Milieu Espagne 2011-2012 Alberto Noguera
0%
Attaquant Italie 2014-2017 Alessio Cerci
0%
Défenseur Espagne 2008-2012 Álvaro Domínguez
0%
Défenseur Colombie 2019-2022 Andrés Solano
0%
Défenseur Espagne 2001-2012 Antonio López
0%
Défenseur Espagne 2017-2018 Antonio Montoro
0%
Gardien Argentine 2016-2021 Axel Werner
0%
Attaquant Espagne 2018- Borja Garcés
0%
Défenseur Brésil 2016-2020 Caio Henrique
0%
Défenseur Espagne 2018-2020 Carlos Isaac
0%
Défenseur Espagne 2023- César Azpilicueta
0%
Défenseur Argentine 2014-2015 Cristian Ansaldi
0%
Attaquant Espagne 2012-2013 Dani Aquino
0%
Gardien Espagne 2013-2014 Daniel Aranzubía
0%
Attaquant Espagne 2019-2021 Darío Poveda
0%
Défenseur Espagne 2012-2013 Domino Cisma
0%
Milieu/attaquant Argentine 2010-2012 Eduardo Salvio
0%
Milieu Brésil 2010-2011 Elias
0%
Défenseur Argentine 2013-2015 Emiliano Insúa
0%
Milieu Turquie 2012-2013 Emre Belözoğlu
0%
Milieu Espagne 2010-2012 Fran Mérida
0%
Défenseur Brésil 2024-2024 Gabriel Paulista
0%
Attaquant/milieu Portugal 2018-2019 Gelson Martins
0%
Milieu/attaquant Espagne 2020- Germán Valera
0%
Défenseur Brésil 2014-2017 Guilherme Siqueira
0%
Défenseur Chypre 2022- Ilias Kostis
0%
Attaquant Serbie 2019-2022 Ivan Šaponjić
0%
Défenseur Espagne 2012-2017 Javier Manquillo
0%
Défenseur Espagne 2018-2021 Javi Montero
0%
Milieu Espagne 2021- Javi Serrano
0%
Défenseur Espagne 2014-2016 Jesus Gámez
0%
Attaquant Espagne 2018-2019 Joaquín Muñoz
0%
Défenseur Espagne 2010-2013 Jorge Pulido
0%
Milieu Espagne 2007-2012 José Antonio Reyes
0%
Milieu Espagne 2006-2010 José Manuel Jurado
0%
Milieu Argentine 2013-2014 José Sosa
0%
Milieu France 2013-2014 Josuha Guilavogui
0%
Milieu Uruguay 2020-2023 Juan Manuel Sanabria
0%
Milieu Espagne 2016-2017 Juan Moreno
0%
Défenseur Espagne 2005-2011 Juan Valera Espin
0%
Milieu Albanie 2017-2018 Keidi Bare
0%
Attaquant Brésil 2013-2016 Léo Baptistão
0%
Milieu Uruguay 2020-2021 Lucas Torreira
0%
Attaquant Argentine 2015-2019 Luciano Vietto
0%
Défenseur Colombie 2004-2012 Luis Amaranto Perea
0%
Attaquant Espagne 2021-2022 Mario Soriano
0%
Milieu Argentine 2015-2017 Matías Kranevitter
0%
Gardien Espagne 2020-2021 Miguel San Román
0%
Défenseur Espagne 2014-2016 Nacho Monsalve
0%
Milieu Argentine 2016-2018 Nicolás Gaitán
0%
Attaquant Croatie 2018-2020 Nikola Kalinić
0%
Attaquant Espagne 2019-2020 Óscar Clemente
0%
Milieu Brésil 2008-2012 Paulo Assunção
0%
Milieu Portugal 2011-2013 Pizzi
0%
Attaquant Espagne 2016-2017 Roberto Núñez
0%
Milieu Espagne 2016-2019 Roberto Olabe
0%
Attaquant Maroc 2024- Salim El Jebari
0%
Défenseur Espagne 2015-2018 Sergi González
0%
Gardien Espagne 2009-2014 Sergio Asenjo
0%
Attaquant Espagne 2019-2023 Sergio Camello
0%
Défenseur Espagne 2022-2023 Sergio Reguilón
0%
Défenseur Portugal 2011-2016 Silvio
0%
Milieu/attaquant Portugal 2007-2010 Simão
0%
Défenseur République Tchéque 2008-2011 Tomáš Ujfaluši
0%
Attaquant Espagne 2018- Víctor Mollejo
0%
Milieu Espagne 2017- Vitolo
0%
Aucun quiz correspondant
Distribution des résultats
% des personnes avec chaque résultat
Percentile par nombre de réponses
Votre historique - résultats
Vous n’avez pas pris ce quiz depuis la dernière actualisation